| 000 | 00733nam a2200265Ia 4500 | ||
|---|---|---|---|
| 003 | OSt | ||
| 005 | 20220927105747.0 | ||
| 006 | a|||||r|||| 00| 0 | ||
| 007 | ta | ||
| 008 | 220926b |||||||| |||| 00| 0 eng d | ||
| 024 | _a206883 | ||
| 037 | _cReference Collections | ||
| 040 |
_aRTL _cRTL _beng |
||
| 041 |
_2eng _aeng |
||
| 082 | _a"X:8J, Q4/GD" | ||
| 100 | _aWORLD BANK | ||
| 110 | _aWORLD BANK | ||
| 245 | 0 |
_aTEQIP _b Handbook for mentors and performance auditors |
|
| 260 |
_a"Washington," _b"D.C, World Bank, " _c2014 |
||
| 300 |
_aiii;75p. _ccm. |
||
| 500 | _aBibliography: P 429-68 | ||
| 700 | _aWORLD BANK | ||
| 942 |
_h"X:8J, Q4/GD" _cCC |
||
| 999 |
_c694472 _d694472 |
||